000 00380nam a2200169Ia 4500
001 28792
003 IN-NITTTR
005 20251114233355.0
008 251113s9999||||xx |||||||||||||| ||eng||
040 _beng
040 _cIN-NITTTR
041 _aeng
082 _a823 C65W
100 _aCoelho, Paulo
245 4 _aThe winner stands alone /
_cCoelho, Paulo
942 _2ddc
_cBK
999 _c31420
_d31420